| 000 | 00563nam a2200193Ia 4500 | ||
|---|---|---|---|
| 005 | 20260114185535.0 | ||
| 008 | 008 260114s9999 xx 000 0 eng d | ||
| 020 | _a9781350987579 | ||
| 037 | _aEBOOK | ||
| 040 |
_aCRL _beng _cCRL |
||
| 041 |
_aeng _2eng |
||
| 084 | _qCRL | ||
| 100 |
_aCrispin Branfoot _9871322 |
||
| 245 | 0 | _aPortraiture in South Asia Since the Mughals | |
| 260 |
_bBloomsbury _c2018 |
||
| 856 | _uhttp://dx.doi.org/10.5040/9781350987579?locatt=label:secondary_bloomsburyCollections | ||
| 942 | _cEBOOK | ||
| 999 |
_c1470270 _d1470270 |
||